000 03334cas a2200673 4500
999 _c523453
_d523453
001 11165723
003 NUST
005 20190312083857.0
008 750305c19729999njubr p 0 a0eng c
010 _a 72625070
016 7 _a9877746
_2DNLM
016 7 _aH22480000
_2DNLM
016 7 _a009207681
_2Uk
022 0 _a0090-4848
_l0090-4848
_21
030 _aHRMAFP
035 _a(OCoLC)ocm01201641
037 _bSubscription Manager, Jossey-Bass, a Wiley Company, 989 Market Street, San Francisco, CA 94103-1741
038 _aMr.Zahoor
040 _aKSU
_beng
_cKSU
_dYUS
_dNSD
_dDLC
_dNSD
_dRCS
_dOCL
_dNSD
_dDLC
_dAIP
_dNST
_dOCL
_dAIP
_dNST
_dDLC
_dHUL
_dNST
_dIUL
_dNST
_dNLM
_dNST
_dCAS
_dNSD
_dMYG
_dNSD
_dSYS
_dOCLCQ
_dNLGGC
_dSERSO
_dIUL
_dLVB
_dOCLCA
_dDLC
_dOCLCQ
_dM6U
_dDLC
_dUKMGB
_dMYG
_dOCLCO
_dOCLCF
_dOCLCO
_dIOC
_dOCLCQ
_dIBO
_dCSJ
_dOCLCQ
_dKSU
_dOCLCO
_dOCLCQ
_dOCLCA
_dCGU
_dOCLCQ
042 _ansdp
_apcc
050 0 0 _aHF5549.A2
_bM3
082 0 4 _a658.3/005
210 0 _aHum. resour. manageme.
222 0 _aHuman resource management
245 0 0 _aHuman resource management.
260 _aHoboken, N.J. :
_bWiley Periodicals, Inc.
300 _avolumes
_billustrations
_c28 cm
310 _aBimonthly,
_b2009-
321 _aQuarterly,
_b1972-2008
336 _atext
_btxt
_2rdacontent
337 _aunmediated
_bn
_2rdamedia
338 _avolume
_bnc
_2rdacarrier
362 0 _av. 11- spring 1972-
500 _aImprint varies: [Ann Arbor], John Wiley [etc.], 1972- ; New York, N.Y., John Wiley & Sons, Inc., <1985->; Hoboken, N.J., Wiley Periodicals, Inc., <2005->
550 _aIssued by: Bureau of Industrial Relations, University of Michigan, 1972- ; published for: University of Michigan, Graduate School of Business Administration, 1972- ; published for: University of Michigan Ross School of Business, in alliance with: Society for Human Resource Management, <2005->
590 _aSERBIB/SERLOC merged record
650 0 _aPersonnel management
_vPeriodicals.
_913828
650 2 _aPersonnel Management.
_91204
650 6 _aPersonnel
_xDirection
_vPériodiques.
_913829
650 7 _aPersonnel management.
_2fast
_0(OCoLC)fst01058797
_91204
650 1 7 _aPersoneelsmanagement.
_2gtt
_913834
653 _aTitles of journals.
653 _aTitles of electronic journals.
655 2 _aPeriodical.
_913835
655 7 _aPeriodicals.
_2fast
_0(OCoLC)fst01411641
_92739
710 2 _aUniversity of Michigan.
_bBureau of Industrial Relations.
_913836
710 2 _aUniversity of Michigan.
_bGraduate School of Business Administration.
_913837
710 2 _aMichigan Ross School of Business.
_913838
710 2 _aSociety for Human Resource Management (U.S.)
_913839
776 0 8 _iOnline version:
_tHuman resource management (Online)
_x1099-050X
_w(DLC)sn 98007640
_w(OCoLC)39001487
776 0 8 _iOnline version:
_tHuman resource management
_w(OCoLC)567458177
780 0 0 _tManagement of personnel quarterly
_x0025-1852
_w(DLC) 67003686
_w(OCoLC)1641296
906 _a7
_bcbc
_cserials
_d3
_encip
_f19
_gn-oclcserc
942 _2ddc
_cCR
_s1